[Event "Ambelokipi op 137th"]
[Site "Athens"]
[Date "2013.09.11"]
[Round "1"]
[White "Hatzopoulos, Ioannis"]
[Black "Sienczewski, Zbigniew"]
[Result "0-1"]
[WhiteElo "1603"]
[BlackElo "2052"]
[PlyCount "44"]
[EventDate "2013.09.11"]
[EventType "swiss"]
[EventRounds "7"]
[EventCountry "GRE"]
[SourceTitle "EXT 2024"]
[Source "ChessBase"]
[SourceDate "2023.10.10"]
[SourceVersion "1"]
[SourceVersionDate "2023.10.10"]
[SourceQuality "1"]

1. Nf3 g6 2. g3 c5 3. Bg2 Bg7 4. 0-0 Nc6 5. d3 e5 6. Nbd2 Nge7 7. e4 0-0 8. c4 d6 9. h3 f5 10. Re1 h6 11. Nf1 f4 12. Rb1 Be6 13. Bd2 Qd7 14. h4 Rf7 15. a3 Raf8 16. b4 fxg3 17. fxg3 Bg4 18. N1h2 Bxf3 19. Nxf3 Qg4 20. Re3 Qxg3 21. Be1 Qg4 22. Kh2 Qf4+ 0-1

[Event "Ambelokipi op 111th"]
[Site "Athens"]
[Date "2011.03.12"]
[Round "1"]
[White "Hatzopoulos, Ioannis"]
[Black "Girvalakis, Spyridon"]
[Result "0-1"]
[WhiteElo "1656"]
[BlackElo "2072"]
[PlyCount "66"]
[EventDate "2011.03.12"]
[EventType "swiss"]
[EventRounds "7"]
[EventCountry "GRE"]
[SourceTitle "EXT 2024"]
[Source "ChessBase"]
[SourceDate "2023.10.10"]
[SourceVersion "1"]
[SourceVersionDate "2023.10.10"]
[SourceQuality "1"]

1. d4 Nf6 2. c4 e6 3. g3 Bb4+ 4. Nd2 0-0 5. Bg2 d5 6. cxd5 exd5 7. Ngf3 Re8 8. 0-0 Nc6 9. a3 Bd6 10. Re1 h6 11. b4 Bf5 12. b5 Na5 13. Bb2 a6 14. a4 Qd7 15. bxa6 Rxa6 16. Nh4 Bh7 17. Bf1 Ra7 18. e3 c6 19. f3 g5 20. Ng2 Bb4 21. Qc1 Bxd2 22. Qxd2 Nb3 23. Qc3 Nxa1 24. Rxa1 g4 25. Bd3 Bxd3 26. Qxd3 gxf3 27. Nh4 f2+ 28. Kg2 Ne4 29. Qe2 Qe6 30. Qh5 Ng5 31. g4 Qe4+ 32. Kf1 Qxe3 33. Qxh6 Qe1+ 0-1

[Event "Athens Smaok Winter"]
[Site "Athens"]
[Date "2008.11.25"]
[Round "2.9"]
[White "Hatzopoulos, Ioannis"]
[Black "Andrikopoulou, Efstathia"]
[Result "0-1"]
[WhiteElo "1500"]
[BlackElo "1657"]
[PlyCount "88"]
[EventDate "2008.11.21"]
[EventType "swiss (rapid)"]
[EventRounds "7"]
[EventCountry "GRE"]
[SourceTitle "EXT 2024"]
[Source "ChessBase"]
[SourceDate "2023.10.10"]
[SourceVersion "1"]
[SourceVersionDate "2023.10.10"]
[SourceQuality "1"]

1. d4 d5 2. c4 c6 3. Nc3 Nf6 4. Nf3 e6 5. e3 Nbd7 6. Bd3 Be7 7. 0-0 dxc4 8. Bxc4 b5 9. Bd3 Bb7 10. e4 b4 11. e5 bxc3 12. exf6 Nxf6 13. bxc3 0-0 14. Qb3 Rb8 15. Ne5 c5 16. Qa4 Qd5 17. f3 cxd4 18. cxd4 Bd6 19. Bf4 Bc7 20. Qxa7 Ra8 21. Qc5 Qxc5 22. dxc5 Rfd8 23. c6 Bxc6 24. Nxc6 Bb6+ 25. Kh1 Rxd3 26. Bg5 Nd5 27. a4 Rc8 28. Rfc1 Ra8 29. a5 Be3 30. Rc2 Bxg5 31. a6 Rc3 32. Rxc3 Nxc3 33. a7 h5 34. Ra5 Be3 35. Ra3 Nd5 36. g4 hxg4 37. fxg4 Kf8 38. Kg2 Bc5 39. Rb3 Bb6 40. Ra3 Ke8 41. h4 f6 42. Kf3 Kd7 43. Nb8+ Kc7 44. Ke4 Rxa7 0-1